Data analytics & business intelligence (Record no. 98920)

MARC details
000 -LEADER
fixed length control field 00695nam a22002177a 4500
003 - CONTROL NUMBER IDENTIFIER
control field URS
005 - DATE AND TIME OF LATEST TRANSACTION
control field 20260224141135.0
008 - FIXED-LENGTH DATA ELEMENTS--GENERAL INFORMATION
fixed length control field 260224s2023 ph a|||| |||| 00| 0 eng d
020 ## - INTERNATIONAL STANDARD BOOK NUMBER
International Standard Book Number 9786214271467
040 ## - CATALOGING SOURCE
Language of cataloging English
Transcribing agency URS
Modifying agency rda
050 ## - LIBRARY OF CONGRESS CALL NUMBER
Classification number HF 5548.2
Item number .D2622 2023
100 ## - MAIN ENTRY--PERSONAL NAME
Relator code author
Personal name Dr. Marmelo V. Abante
245 ## - TITLE STATEMENT
Title Data analytics & business intelligence
Statement of responsibility, etc Dr. Marmelo V. Abante...[et.al].
264 ## - PUBLICATION, DISTRIBUTION, ETC. (IMPRINT)
Place of publication, distribution, etc Intramuros, Manila:
Name of publisher, distributor, etc Unlimited Books Publishing;
Date of publication, distribution, etc c2023
300 ## - PHYSICAL DESCRIPTION
Extent 447 pages
Other physical details illustrations;
Dimensions 25 cm.
336 ## - CONTENT TYPE
Source rdacontent
Content type term text
Content type code txt
337 ## - MEDIA TYPE
Source rdamedia
Media type term unmediated
Media type code n
338 ## - CARRIER TYPE
Source rdacarrier
Carrier type term volume
Carrier type code nc
650 ## - SUBJECT ADDED ENTRY--TOPICAL TERM
Topical term or geographic name as entry element Business/ data processing
942 ## - ADDED ENTRY ELEMENTS (KOHA)
Source of classification or shelving scheme Library of Congress Classification
Koha item type Filipiniana
Holdings
Withdrawn status Lost status Source of classification or shelving scheme Damaged status Not for loan Collection code Home library Current library Shelving location Date acquired Source of acquisition Total Checkouts Full call number Barcode Date last seen Price effective from Koha item type
    Library of Congress Classification     Non-fiction Cainta College Library Cainta College Library Filipiniana Section 02/24/2026 Purchased   HF 5548.2 .D2622 2023 URSCAI-5574 02/24/2026 02/24/2026 Filipiniana

University of Rizal System
Email us at univlibservices@urs.edu.ph

Visit our Website www.urs.edu.ph/library